00462nam a2200193Ia 450000500170000000800460001702000180006303700100008104000080009104000080009904000080010704100080011504100080012308400080013110000140013924500460015326000080019985600610020720260123164125.0008 260114s9999 xx 000 0 eng d a9789354430411 aEBOOK aCRL beng cCRL 2eng aeng qCRL aMohapatra 0aInternational accounting - mohapatra, 2/e bPHI uhttps://elibrary.phindia.com/ebooks/reader/9789354430411